000 00353nam a2200133Ia 4500
008 240624s9999 xx 000 0 und d
041 _aeng
082 _a005.52 KOG
100 _aKOGENT SOLUTIONS INC
245 _aWORD 2007 IN SIMPLE STEPS
260 _c2009
_aNew Delhi
_bDreamtech Press
300 _aviii, : 239 : p. : cm. ; 23
365 _cRS
_b33.33
999 _c15037
_d15037